000 00403nam a2200145Ia 4500
008 230917s9999||||xx |||||||||||||| ||und||
040 _e49571
_aMAIN
041 _aEnglish
082 _a823.7 M541H:O
100 _aHalperin, John, ed
245 4 _aThe ordeal of Richard Feveral: a history of a father and son
260 _aOxford
_bOxford University Press
_c1984
300 _axxv, 561 p.
942 _cBK
999 _c46914
_d46914